| 000 | 00622nam a22002297a 4500 | ||
|---|---|---|---|
| 999 |
_c6029 _d6029 |
||
| 001 | 6029 | ||
| 003 | BD-JhCC | ||
| 005 | 20180705134013.0 | ||
| 008 | 180101b xxu||||| |||| 00| 0 eng d | ||
| 020 | _a9847026800001 | ||
| 035 | _a(BD-JhCC)6029 | ||
| 040 |
_aBD-JhCC _dBD-JhCC |
||
| 041 | _aeng | ||
| 082 |
_a515 _bAHM 2015 |
||
| 100 | _aAhmed, Md. Surujuddin | ||
| 245 |
_aHigher Mathematics : _bFirst Paper for XI-XII class / _cMd. Surujuddin Ahmed |
||
| 260 |
_aDhaka : _bAlpha Prokasani, _c2015. |
||
| 300 |
_a390 p. : _bills; _c25 cm. |
||
| 650 | _aMathematical Analysis | ||
| 942 |
_2ddc _cBK _01 |
||